00516nam a2200181Ia 4500008004100000020001500041082000800056100002100064245004500085250000600130260002700136300001000163500002400173650002300197942000700220952009000227999001700317230524s9999 xx 000 0 und d a8172244010 bTOY aHugh Toye941775 0aSubhash Chandra Bose The Springing Tiger a1 aNew DelhibJaicoc2015 a357p; aQuantity Number: 1 aMisalliance941776 cBK 00104070aTATCLbTATCLcGENd2023-05-24l0o TOYp53442r2023-05-24w2023-05-24yBK c56210d56210